| 000 | 00803nam a2200229 a 4500 | ||
|---|---|---|---|
| 001 | 000039446 | ||
| 003 | OSt | ||
| 005 | 20201201143513.0 | ||
| 008 | 130628s1997 dr r 000 0 spa d | ||
| 040 |
_aDO-SdBNP _bspa _cBNPHU |
||
| 082 |
_a362.509729 _bC392o |
||
| 100 | 1 |
_aCela, Jorge _97887 |
|
| 245 | 1 | 3 |
_aLa otra cara de la pobreza / _cJorge Cela. |
| 260 |
_aSanto Domingo : _bCentro de Estudios Sociales, _c1997. |
||
| 300 |
_a138 p. ; _c24 cm. |
||
| 500 | _aIncluye referencias bibliográficas y notas al pie de las páginas | ||
| 590 | _aInventariado, 2020 /LP | ||
| 650 | 4 |
_aPobreza _zRepública Dominicana _xCondiciones sociales _99568 |
|
| 650 | 4 |
_aPobreza _xPolítica gubernamental _zRepública Dominicana _99569 |
|
| 651 | 4 |
_aRepública Dominicana _xPolítica Social _92627 |
|
| 942 |
_2ddc _cLBS1 |
||
| 999 |
_c38936 _d38936 |
||